|
|
|
|
| LEADER |
00000nam a2200000 a 4500 |
| 001 |
vtls009284249 |
| 003 |
SK-MaSNL |
| 005 |
20260301081605.0 |
| 008 |
240318s2007 xo o d 000 0 slo |
| 015 |
|
|
|a SNBA2008/05-02459
|
| 020 |
|
|
|a 9788096987115
|q (brož.)
|
| 035 |
|
|
|a 17009CB1-602B-4266-8012-F90C088B9C2B
|
| 035 |
|
|
|a urn:nbn:sk:snk-aml91p
|
| 035 |
|
|
|a urn:nbn:sk:snk-am008rzl
|
| 040 |
|
|
|a SNK
|b slo
|c SNK
|e AACR2
|
| 041 |
0 |
|
|a slo
|a hun
|
| 043 |
|
|
|a e-xo---
|
| 044 |
|
|
|a xo
|c SK
|
| 072 |
|
7 |
|a 94(437)
|x Dejiny Česka a Slovenska
|2 konspekt
|
| 072 |
|
7 |
|a 27
|x Kresťanstvo. Kresťanská cirkev všeobecne. Ekleziológia
|2 konspekt
|
| 080 |
|
|
|a 27-774
|2 2001
|
| 080 |
|
|
|a 94(437.6)
|2 2001
|
| 080 |
|
|
|a 2-6
|2 2001
|
| 080 |
|
|
|a (048.8)
|2 2001
|
| 100 |
1 |
|
|a Mittuch, Jozef,
|d 1867-1949
|4 aut
|9 405111
|
| 245 |
1 |
0 |
|a Údaje k dejinám obce Lefantovce
|c Jozef Mittuch ; [preklad Štefan Rácz]
|
| 250 |
|
|
|a [1. vyd.]
|
| 260 |
|
|
|a Horné Lefantovce
|b Rímskokatolícky farský úrad
|c 2007
|
| 300 |
|
|
|a 146 s.
|b fotogr.
|c 21 cm
|
| 504 |
|
|
|a Pozn.
|
| 650 |
0 |
7 |
|a farnosti
|2 SNKPH
|9 3772
|
| 651 |
|
7 |
|a Lefantovce (Slovensko)
|x dejiny
|2 SNKPH
|9 405112
|
| 651 |
|
7 |
|a Lefantovce (Slovensko)
|x náboženské pomery
|2 SNKPH
|9 405113
|
| 655 |
|
7 |
|a monografie
|2 SNKPH
|9 70139
|
| 700 |
1 |
|
|a Rácz, Štefan
|4 trl
|9 372990
|
| 919 |
|
|
|a 978-80-969871-1-5
|
| 958 |
|
|
|a OND
|
| 968 |
|
|
|d 93/94
|
| 999 |
|
|
|c 656291
|d 658221
|
| 952 |
|
|
|a SNK
|b SNK
|y PREZ
|7 0
|p 17A0583616
|o snkSC 131554
|i snk2008/8262
|8 0
|0 0
|1 0
|4 0
|d 2008-04-10
|f 1
|l 0
|r 2025-06-23 00:00:00
|w 2026-02-23
|
| 952 |
|
|
|a SNK
|b SNK
|y VYP
|7 0
|p 17A0583615
|o snkSC 131554 D1
|i snk2008/8264
|8 0
|0 0
|1 0
|4 0
|d 2008-04-10
|l 0
|r 2026-02-23 18:37:19
|w 2026-02-23
|